Sports Quiz

Random Sports Quiz
Score 0/6 Timer 10:00
0 Plays Today
Question Answer Wrong Answers
what team drafted kobe?? Charolette Hornets
96.2%
Lakers
3.8%
Denver Nuggets
0%
Orlando Magic
0%
What is Kobe Bryant's Best MyTEAM card in 2k Moments 99 2k16
75.5%
Historic 89 2k18
5.7%
No Such thing
5.7%
It is still good to be Kobe Bryant
13.2%
when did kobe join the all star team? 19
73.6%
21
18.9%
25
1.9%
23
5.7%
how old was kobe when he was drafted? 17
67.9%
19
30.2%
21
1.9%
22
0%
Is Kobe better than Jordan? Yes
62.3%
No
30.2%
Maybe
3.8%
So
1.9%
What is Kobe Bryant's Unknown nickname The last Samuri
34%
The best Laker ever
20.8%
No such thing
7.5%
DA BLACK MAMBA
35.8%
Remove Ads.
Support Sporcle.
Get the best of Sporcle when you Go Orange. This ad-free experience offers more features, more stats, and more fun while also helping to support Sporcle. Thank you for becoming a member.

You're not logged in!

Compare scores with friends on all Sporcle quizzes.
OR
Log In

Sporcle TV

Today on Sporcle TV


Watch our educational content, quiz creation guides, and fun videos on Sporcle TV.

Show Comments

Extras

Created Nov 18, 2017ReportNominate
Tags:fan, kobe

Top Quizzes Today


Score Distribution

Paid Content

Your Account Isn't Verified!

In order to create a playlist on Sporcle, you need to verify the email address you used during registration. Go to your Sporcle Settings to finish the process.

Report this User

Report this user for behavior that violates our Community Guidelines.

Details: